[Event "Atlantic City"]
[Site "Atlantic City"]
[Date "1972.??.??"]
[Round "?"]
[White "Martz, William"]
[Black "Browne, Walter S"]
[Result "0-1"]
[WhiteElo "2420"]
[BlackElo "2530"]
[PlyCount "59"]
[EventDate "1972.??.??"]
[Source "www.chesslib.no"]
[SourceDate "2004.05.04"]

1. c4 e5 2. Nc3 Nf6 3. g3 Bb4 4. Bg2 O-O 5. e4 Bxc3 6. dxc3 d6 7. Qe2 Nbd7 8. Nf3 a5 9. O-O Nc5 10. Ne1 a4 11. Nc2 c6 12. Rd1 Qe7 13. f3 Be6 14. Ne3 Rfd8 15. g4 g6 16. Qf2 Ne8 17. Qg3 Ng7 18. Bf1 Kh8 19. Bd3 Nxd3 20. Rxd3 f5 21. f4 fxg4 22. Nxg4 Nh5 23. Qg2 exf4 24. Nf2 Ra5 25. h3 Rg5 26. Ng4 Bxg4 27. hxg4 Qe6 28. Kf1 Rxg4 29. Qf2 Ng3+ 30. Ke1 0-1

[Event "60th ch-RUS Higher League"]
[Site "Krasnoyarsk RUS"]
[Date "2007.09.14"]
[Round "11"]
[White "Sidorov, A."]
[Black "Gavrilov, Al1"]
[Result "0-1"]
[WhiteElo "2438"]
[BlackElo "2512"]
[PlyCount "48"]
[EventDate "2007.09.03"]
[Source "www.chesslib.no"]
[SourceDate "2004.05.04"]

1. c4 e5 2. Nc3 Nf6 3. g3 Bb4 4. Nf3 Bxc3 5. dxc3 d6 6. Bg2 Nc6 7. O-O O-O 8. Ne1 Be6 9. b3 Qd7 10. Nc2 Bh3 11. Ne3 Bxg2 12. Kxg2 Ne7 13. Qc2 h6 14. Rd1 Nh7 15. Qe4 Ng5 16. Qh4 f5 17. Nd5 f4 18. Nxe7+ Qxe7 19. Rf1 Rf6 20. Qg4 Raf8 21. f3 Kh7 22. Bd2 Ne6 23. Qh3 e4 24. Bxf4 Rxf4 0-1

[Event "Cadiz Open"]
[Site "Cadiz"]
[Date "1991.??.??"]
[Round "?"]
[White "Paunovic, Dragan"]
[Black "Franco Ocampos, Zenon"]
[Result "1/2-1/2"]
[WhiteElo "2455"]
[BlackElo "2495"]
[PlyCount "30"]
[EventDate "1991.??.??"]
[Source "www.chesslib.no"]
[SourceDate "2004.05.04"]

1. c4 e5 2. Nc3 Nf6 3. g3 d5 4. cxd5 Nxd5 5. d3 Be7 6. Bg2 Be6 7. Nf3 Nc6 8. O-O O-O 9. Bd2 Qd7 10. Rc1 Rad8 11. Ne4 f6 12. a3 Kh8 13. Nc5 Bxc5 14. Rxc5 Nb6 15. Qc2 Qf7 1/2-1/2

[Event "Wotulo Mem, Jakarta INA"]
[Site "?"]
[Date "2001.??.??"]
[Round "8"]
[White "Miezis, N."]
[Black "Kosasih, C."]
[Result "0-1"]
[WhiteElo "2530"]
[BlackElo "2420"]
[PlyCount "162"]
[EventDate "2001.??.??"]
[Source "www.chesslib.no"]
[SourceDate "2004.05.04"]

1. c4 e5 2. Nc3 Nf6 3. g3 d6 4. Bg2 Be7 5. e4 O-O 6. Nge2 c5 7. O-O Nc6 8. d3 a6 9. h3 Rb8 10. f4 b5 11. f5 bxc4 12. dxc4 Nd4 13. Qd3 Bb7 14. Kh2 Nd7 15. h4 Bc6 16. Nd1 Rb4 17. Nec3 a5 18. Ne3 Rb7 19. Kh3 a4 20. Ned5 Nf6 21. Ne3 Ne8 22. Rf2 f6 23. Ned5 Rf7 24. g4 Nc7 25. Kh2 Nxd5 26. exd5 Be8 27. Ne4 Rb4 28. Bh3 Bd7 29. Be3 Qb6 30. Qc3 Bc8 31. Rg1 Ba6 32. Bf1 Kf8 33. Rg3 Ke8 34. Bd3 Kd8 35. g5 Kc7 36. gxf6 Bxf6 37. Bg5 Kb7 38. Bxf6 gxf6 39. h5 Qd8 40. h6 Qf8 41. Qc1 Ka7 42. Bf1 Bc8 43. Bh3 Ba6 44. Rc3 Rfb7 45. Bg2 R7b6 46. Kh1 Bc8 47. Bh3 Ba6 48. Rg2 Rb7 49. Bg4 Rc7 50. Kg1 Rcb7 51. a3 Rb3 52. Rcg3 Rxg3 53. Rxg3 Nb3 54. Qc3 Nd4 55. Qc1 Nb3 56. Qf1 Nd4 57. Rg2 Qxh6 58. Nxd6 Rg7 59. Bd1 Qe3+ 60. Qf2 Rxg2+ 61. Kxg2 Qg5+ 62. Kh2 Qh6+ 63. Kg2 Qf8 64. Ne4 Bxc4 65. Nc3 Qg7+ 66. Kh2 Qh6+ 67. Kg1 Qg5+ 68. Kh2 Qxf5 69. Qxf5 Nxf5 70. Bxa4 Nd6 71. Bc2 f5 72. b3 Ba6 73. Na4 Bb7 74. Nxc5 Bxd5 75. Nd7 e4 76. Nf6 e3 77. Kg3 f4+ 78. Kxf4 e2 79. Nxd5 e1=Q 80. Bxh7 Qe6 81. Nb4 Qf6+ 0-1

[Event "Campionato Rep. Ceca"]
[Site "Praga CEC"]
[Date "2007.02.06"]
[Round "1"]
[White "Voloshin, L."]
[Black "Polak, T."]
[Result "1/2-1/2"]
[WhiteElo "2446"]
[BlackElo "2500"]
[PlyCount "50"]
[EventDate "2007.02.06"]
[Source "www.chesslib.no"]
[SourceDate "2004.05.04"]

1. c4 e5 2. Nc3 Nf6 3. g3 Bb4 4. Bg2 O-O 5. e4 Bxc3 6. dxc3 d6 7. Ne2 Nbd7 8. O-O Qe8 9. f3 a6 10. a4 a5 11. Be3 b6 12. g4 Nc5 13. Ng3 Ne6 14. Qd2 Nd7 15. b3 Ndc5 16. Rab1 Bd7 17. Kh1 Rd8 18. Nf5 Kh8 19. Bf2 Nf4 20. Ne3 Nce6 21. Nd5 Nxd5 22. cxd5 Nf4 23. Be3 g5 24. h4 h6 25. h5 Ra8 1/2-1/2

[Event "San Martin"]
[Site "San Martin"]
[Date "1993.??.??"]
[Round "10"]
[White "Scarella, Enrique"]
[Black "Spangenberg, Hugo"]
[Result "1-0"]
[WhiteElo "2410"]
[BlackElo "2535"]
[PlyCount "129"]
[EventDate "1993.05.??"]
[Source "ChessBase"]

1. c4 e5 2. Nc3 Nf6 3. g3 Bb4 4. Bg2 Bxc3 5. bxc3 O-O 6. Nf3 d6 7. O-O Re8 8. Rb1 e4 9. Nd4 c5 10. Nc2 Nc6 11. Ne3 Ne5 12. d3 exd3 13. exd3 Qa5 14. Qc2 Qa6 15. d4 Ned7 16. Bd2 Rb8 17. Rb5 b6 18. Nf5 Nf8 19. Nxd6 Rd8 20. dxc5 Bd7 21. c6 Bxc6 22. Bxc6 Rxd6 23. Bf4 Rxc6 24. Bxb8 Rxc4 25. Rb4 Rc8 26. Be5 Qa5 27. Bd6 Ne6 28. Rd1 Qh5 29. Rh4 Qa5 30. Bb4 Qe5 31. c4 Ng5 32. Qd3 Qe6 33. Bc3 h6 34. Bxf6 Qxf6 35. Kg2 Ne6 36. Qf3 Qe7 37. Rh5 Qc7 38. Rhd5 Ng5 39. Qd3 Ne6 40. Qe4 g6 41. Rd7 Qxc4 42. Qxc4 Rxc4 43. Rxa7 Rc5 44. Rb1 b5 45. Ra5 Nc7 46. a4 Kg7 47. axb5 g5 48. Kf3 Re5 49. h3 Kg6 50. Rb4 Kg7 51. Kg4 Rc5 52. f4 gxf4 53. gxf4 Kg6 54. Kf3 f5 55. Ke3 Rd5 56. Rb3 Kh5 57. Rd3 Rc5 58. Rd6 Rxb5 59. Rxb5 Nxb5 60. Rd5 Nc3 61. Rxf5+ Kh4 62. Rc5 Nd1+ 63. Ke2 Nb2 64. Kd2 Na4 65. Rc6 1-0

[Event "Corr"]
[Site "?"]
[Date "2000.08.02"]
[Round "?"]
[White "Enricci Juan Andres"]
[Black "Mauro Lucio"]
[Result "1/2-1/2"]
[WhiteElo "2517"]
[BlackElo "2424"]
[PlyCount "101"]
[EventDate "2000.??.??"]
[Source "www.chesslib.no"]
[SourceDate "2004.05.04"]

1. c4 e5 2. Nc3 Nf6 3. g3 Bb4 4. Bg2 O-O 5. e4 Bxc3 6. bxc3 c6 7. Ne2 d5 8. cxd5 cxd5 9. exd5 Nxd5 10. O-O Nc6 11. Rb1 Nb6 12. d4 Be6 13. a4 Bc4 14. Re1 Qd7 15. Be3 Rad8 16. Qc2 Bd5 17. dxe5 Bxg2 18. Bxb6 Nxe5 19. Kxg2 Qd5+ 20. Kf1 axb6 21. Ng1 Nc4 22. Red1 Nd2+ 23. Rxd2 Qxd2 24. Qxd2 Rxd2 25. Rxb6 Rb8 26. a5 Ra2 27. Rb5 Re8 28. Rxb7 Rxa5 29. Rb2 g5 30. h3 h5 31. Ne2 Rd5 32. Rc2 Kg7 33. Kg2 Rc8 34. Rb2 Rd3 35. Rb5 f6 36. Rb2 Rc4 37. Ra2 Kg6 38. f4 h4 39. fxg5 fxg5 40. Ra6+ Kf7 41. Ra7+ Ke8 42. Ra8+ Kd7 43. Ra7+ Kc8 44. Re7 hxg3 45. Re5 Ra4 46. Nxg3 Ra2+ 47. Ne2 Rxc3 48. Re7 Rd3 49. Re5 Kd7 50. Re4 Rad2 51. Re5 1/2-1/2

[Event "Honved"]
[Site "Budapest"]
[Date "1991.??.??"]
[Round "5"]
[White "Farago, Sandor"]
[Black "Lutz, Christopher"]
[Result "0-1"]
[WhiteElo "2395"]
[BlackElo "2545"]
[PlyCount "126"]
[EventDate "1991.??.??"]
[Source "ChessBase"]

1. c4 e5 2. Nc3 Nf6 3. g3 Bb4 4. Nd5 Nxd5 5. cxd5 O-O 6. Bg2 c6 7. a3 Be7 8. e3 cxd5 9. Bxd5 Na6 10. Ne2 Nc7 11. Bg2 d5 12. d3 Be6 13. O-O Qd7 14. f4 f6 15. d4 Bh3 16. Bxh3 Qxh3 17. Qb3 Qd7 18. Bd2 exf4 19. Nxf4 Kh8 20. Rac1 Rab8 21. Rc2 Rfd8 22. Rfc1 Bd6 23. Nd3 Qe7 24. Nf2 Ne6 25. Qxd5 Bxg3 26. Qg2 Bxf2+ 27. Kxf2 Qd7 28. Kg1 Qb5 29. Be1 Re8 30. d5 Nf8 31. Rc7 Ng6 32. Bg3 Rbd8 33. e4 Qd3 34. d6 Rxe4 35. Rc8 Ree8 36. Qxb7 Rxc8 37. Rxc8 Qd4+ 38. Kg2 Qd2+ 39. Kg1 Qd4+ 40. Kg2 Qd2+ 41. Kg1 Qd1+ 42. Kg2 Nf4+ 43. Bxf4 Qg4+ 44. Bg3 Rxc8 45. Qb3 Qe2+ 46. Bf2 Qd2 47. Qb7 Rd8 48. Qxa7 Qd5+ 49. Kg1 Rxd6 50. Qe3 h6 51. b4 f5 52. h3 Re6 53. Qd4 Qf3 54. Qc4 Rg6+ 55. Kf1 Qxh3+ 56. Ke2 Qxa3 57. b5 Qb2+ 58. Kf3 Qb1 59. b6 Rg4 60. Qc8+ Kh7 61. Ke2 Qb5+ 62. Kd2 Rc4 63. Qd8 Qb2+ 0-1

[Event "IM"]
[Site "Bogny sur Meuse"]
[Date "2003.07.02"]
[Round "8"]
[White "Miezis, Normunds"]
[Black "Vallin, Guillaume"]
[Result "1-0"]
[WhiteElo "2516"]
[BlackElo "2422"]
[PlyCount "93"]
[EventDate "2003.06.25"]
[Source "Roberto Alvarez"]
[SourceDate "2003.07.14"]

1. c4 e5 2. Nc3 Nf6 3. g3 Bb4 4. Bg2 O-O 5. e4 Bxc3 6. dxc3 d6 7. Qe2 Nbd7 8. Nf3 Nc5 9. Nd2 a6 10. O-O Bg4 11. f3 Be6 12. b3 Nfd7 13. Rd1 f5 14. exf5 Bxf5 15. Nf1 Bg6 16. Ne3 Kh8 17. Ba3 Bh5 18. Rf1 Ne6 19. Qd2 Qg5 20. Rae1 Rae8 21. Qd5 b6 22. f4 exf4 23. Qxg5 Nxg5 24. gxf4 Ne4 25. Nd5 Nec5 26. Nxc7 Rxe1 27. Rxe1 Rxf4 28. Re7 Ne5 29. Ne6 Nxe6 30. Rxe6 Nf3+ 31. Bxf3 Rxf3 32. Rxd6 h6 33. Rxb6 Bg4 34. Kg2 h5 35. Be7 Re3 36. Bg5 Re2+ 37. Kg3 Rxa2 38. Be3 Bd1 39. Bd4 Rb2 40. b4 Be2 41. c5 Kh7 42. h4 Bg4 43. Rxa6 Re2 44. Ra7 Kg6 45. Kf4 Bf5 46. Rxg7+ Kh6 47. Rg5 1-0

[Event "Simultan"]
[Site "Mainz (Germany)"]
[Date "2007.08.13"]
[Round "?"]
[White "Ivanchuk Vassily (UKR)"]
[Black "Ruisinger Werner (GER)"]
[Result "1-0"]
[WhiteElo "2762"]
[BlackElo "2175"]
[PlyCount "69"]
[EventDate "2007.??.??"]
[Source "www.chesslib.no"]
[SourceDate "2004.05.04"]

1. c4 e5 2. Nc3 Nf6 3. g3 d5 4. cxd5 Nxd5 5. Bg2 Nb6 6. d3 Nc6 7. Bxc6+ bxc6 8. Nf3 Bd6 9. O-O O-O 10. Bd2 Bg4 11. Qc2 f5 12. Rac1 Qe8 13. Nh4 Qh5 14. Rfe1 g5 15. Ng2 Rf6 16. h4 gxh4 17. Nxh4 Be7 18. f3 Bh3 19. Kf2 f4 20. Rh1 fxg3+ 21. Kxg3 Be6 22. Ne4 Rf4 23. Ng2 Rg4+ 24. Kf2 Qf7 25. Qxc6 Rf8 26. Qxc7 Qg7 27. Ne3 Nd5 28. Qc6 Nf4 29. Nxg4 Nxd3+ 30. exd3 Bxg4 31. Rcg1 Rxf3+ 32. Ke1 Bb4 33. Bxb4 Re3+ 34. Kd2 Re2+ 35. Kc3 1-0

[Event "It (Open) Deizisau GER"]
[Site "?"]
[Date "2006.04.??"]
[Round "7"]
[White "Miezis Normunds"]
[Black "Szoen Dariusz"]
[Result "1/2-1/2"]
[WhiteElo "2496"]
[BlackElo "2440"]
[PlyCount "91"]
[EventDate "2006.??.??"]
[Source "www.chesslib.no"]
[SourceDate "2004.05.04"]

1. c4 e5 2. Nc3 Nf6 3. g3 Bb4 4. Bg2 O-O 5. e4 Bxc3 6. dxc3 Na6 7. Nh3 d6 8. f3 Nc5 9. O-O Be6 10. Qe2 h6 11. Nf2 Nfd7 12. b3 a5 13. Nd1 f5 14. exf5 Bxf5 15. Nf2 Qf6 16. Be3 Rae8 17. Qd2 Kh8 18. Rad1 Qg6 19. b4 Na4 20. c5 d5 21. a3 c6 22. f4 b5 23. Rde1 Re7 24. fxe5 Nxe5 25. Bd4 Nc4 26. Qc1 Rfe8 27. Rxe7 Rxe7 28. Nh3 Be4 29. Nf4 Qg5 30. Rf2 Kh7 31. Bh3 Bf5 32. Qf1 Bxh3 33. Qxh3 Re1+ 34. Rf1 Rxf1+ 35. Qxf1 axb4 36. axb4 Qf5 37. Qe1 Nab2 38. h4 Nd3 39. Qe6 Qe4 40. Bxg7 Nxf4 41. Qxh6+ Kg8 42. Qh8+ Kf7 43. Qf8+ Kg6 44. Qf6+ Kh7 45. Qh6+ Kg8 46. Qh8+ 1/2-1/2

[Event "Ch World (corr.)"]
[Site "corr."]
[Date "1975.??.??"]
[Round "?"]
[White "Khasin, Abram I"]
[Black "Estrin, Yakov B"]
[Result "1-0"]
[WhiteElo "2480"]
[BlackElo "2450"]
[PlyCount "105"]
[EventDate "1975.??.??"]
[Source "www.chesslib.no"]
[SourceDate "2004.05.04"]

1. c4 e5 2. Nc3 Nf6 3. g3 Bb4 4. Bg2 O-O 5. e4 c6 6. Nge2 a6 7. O-O b5 8. d3 d6 9. h3 Be6 10. b3 Ne8 11. Bb2 bxc4 12. dxc4 Bxc3 13. Nxc3 c5 14. f4 f6 15. f5 Bf7 16. h4 Nc6 17. Bc1 Nd4 18. g4 g5 19. Kf2 Kg7 20. Rh1 h6 21. Be3 Nc7 22. Qd2 Rh8 23. Rh3 Rh7 24. Rah1 Bg8 25. hxg5 hxg5 26. Rxh7+ Bxh7 27. Qd3 Kh8 28. Bd2 Qe7 29. Rh6 Rf8 30. Qh3 Kg8 31. Ke1 Rf7 32. Kd1 Kf8 33. Bf1 Qd7 34. Kc1 Kg8 35. Kb2 Qd8 36. Bd3 Nc6 37. Nd5 Nxd5 38. cxd5 Nb8 39. Qh5 Rg7 40. Ka1 Qe7 41. Qh1 Qd8 42. Qc1 Rf7 43. Qa3 Qb6 44. Qa5 Qxa5 45. Bxa5 Kg7 46. Rh2 Ra7 47. b4 Nd7 48. bxc5 Nxc5 49. Bb6 Rb7 50. Bxc5 dxc5 51. Rb2 Rb4 52. Rxb4 cxb4 53. Bxa6 1-0

[Event "21st Open"]
[Site "Reykjavik"]
[Date "2004.03.14"]
[Round "7"]
[White "Miezis, Normund"]
[Black "Kristjansson, Stefan"]
[Result "1-0"]
[WhiteElo "2525"]
[BlackElo "2404"]
[PlyCount "69"]
[EventDate "2004.03.07"]
[Source "Roberto Alvarez"]
[SourceDate "2004.03.22"]

1. c4 e5 2. Nc3 Nf6 3. g3 Bb4 4. Bg2 O-O 5. e4 Bxc3 6. dxc3 d6 7. Qe2 Nbd7 8. Nf3 Nc5 9. Nd2 a5 10. b3 Bg4 11. f3 Bd7 12. O-O Qb8 13. Ba3 Qa7 14. Kh1 Rfe8 15. Rae1 h5 16. f4 Bg4 17. Qe3 h4 18. f5 hxg3 19. Qxg3 Kf8 20. Nb1 Ke7 21. b4 Ncd7 22. c5 Rg8 23. Rf2 axb4 24. cxb4 b5 25. Bc1 dxc5 26. Be3 Kd8 27. Rd2 Kc8 28. bxc5 Qb7 29. Nc3 c6 30. Nd5 cxd5 31. exd5 Bxf5 32. c6 Qb8 33. d6 Ne4 34. cxd7+ Kd8 35. Qxe5 1-0

[Event "1st Masters, Pinamar ARG"]
[Site "?"]
[Date "2001.??.??"]
[Round "2"]
[White "Panno, O."]
[Black "Garcia Palermo, C."]
[Result "1/2-1/2"]
[WhiteElo "2455"]
[BlackElo "2470"]
[PlyCount "45"]
[EventDate "2001.??.??"]
[Source "www.chesslib.no"]
[SourceDate "2004.05.04"]

1. c4 e5 2. Nc3 Nf6 3. g3 Bb4 4. Bg2 O-O 5. e4 Bxc3 6. dxc3 d6 7. Qe2 Nbd7 8. Nf3 a6 9. O-O b5 10. Rd1 Qe8 11. Nd2 Nb6 12. cxb5 axb5 13. b3 Bb7 14. Bb2 Kh8 15. Nf1 Ng8 16. Ne3 Ne7 17. Qc2 f5 18. c4 bxc4 19. Nxc4 Qc6 20. Rdc1 fxe4 21. Nd2 Qxc2 22. Rxc2 c5 23. Nxe4 1/2-1/2

[Event "Corr"]
[Site "?"]
[Date "1999.11.27"]
[Round "7"]
[White "Aleshnya Valery"]
[Black "Lin Wang Mong"]
[Result "1/2-1/2"]
[WhiteElo "2424"]
[BlackElo "2497"]
[PlyCount "134"]
[EventDate "1999.??.??"]
[Source "www.chesslib.no"]
[SourceDate "2004.05.04"]

1. c4 e5 2. Nc3 Nf6 3. g3 Bb4 4. Bg2 O-O 5. d3 Re8 6. e4 c6 7. Nge2 d5 8. exd5 cxd5 9. O-O d4 10. Nd5 Nxd5 11. Bxd5 Nc6 12. a3 Bd6 13. b4 Bh3 14. Re1 Qd7 15. Bd2 Ne7 16. Bh1 Ng6 17. c5 Be7 18. Nc1 Rac8 19. Nb3 Bg4 20. Qc2 Be6 21. Na5 Bd5 22. Bxd5 Qxd5 23. Qb3 Qf3 24. Re4 h5 25. h4 Kh7 26. Qd1 Qxd3 27. Qxh5+ Kg8 28. Qe2 Qxe2 29. Rxe2 b6 30. cxb6 axb6 31. Nb3 Rc2 32. h5 Nf8 33. Rd1 Rb2 34. Nc1 Bd6 35. Be3 Rxe2 36. Nxe2 Ne6 37. g4 Rc8 38. Kf1 b5 39. Bc1 e4 40. f3 exf3 41. Ng1 Rc3 42. Kf2 d3 43. Nxf3 f6 44. Kf1 Bf4 45. Bxf4 Nxf4 46. Nd4 Rxa3 47. Kf2 Nd5 48. Nxb5 Ra2+ 49. Kf3 Nxb4 50. Nd6 Nc6 51. Ne4 Ne5+ 52. Kf4 Kf7 53. Ng5+ Ke7 54. Ne4 Ra4 55. g5 Ke6 56. gxf6 gxf6 57. Ke3 Nc4+ 58. Kf2 Ra2+ 59. Kf3 Kf5 60. Ng3+ Kg5 61. Ne4+ Kxh5 62. Nxf6+ Kg5 63. Ne4+ Kf5 64. Rxd3 Ne5+ 65. Ke3 Nxd3 66. Kxd3 Ra3+ 67. Nc3 Ke5 1/2-1/2

[Event "Budapest FS02 GM"]
[Site "Budapest"]
[Date "1996.??.??"]
[Round "9"]
[White "Shinkevich, Vitaly"]
[Black "Dao Thien Hai"]
[Result "1/2-1/2"]
[WhiteElo "2360"]
[BlackElo "2560"]
[PlyCount "38"]
[EventDate "1996.02.??"]
[Source "ChessBase"]

1. c4 e5 2. Nc3 Nf6 3. g3 Bb4 4. Bg2 Bxc3 5. dxc3 d6 6. e4 h6 7. Qe2 Be6 8. Nf3 Nc6 9. Nd2 Ne7 10. Nf1 c6 11. Ne3 O-O 12. O-O Qc8 13. Rd1 Rd8 14. b3 a5 15. a4 Qc7 16. Ba3 Rab8 17. Qc2 Ne8 18. Rd2 Rdc8 19. Bf1 Rd8 1/2-1/2

[Event "Gibraltar Masters"]
[Site "Catalan Bay"]
[Date "2004.01.27"]
[Round "1"]
[White "Contin, Daniel"]
[Black "Gallagher, Joseph"]
[Result "0-1"]
[WhiteElo "2394"]
[BlackElo "2524"]
[PlyCount "70"]
[EventDate "2004.01.27"]
[Source "Roberto Alvarez"]
[SourceDate "2004.02.09"]

1. c4 e5 2. Nc3 Nf6 3. g3 d5 4. cxd5 Nxd5 5. Bg2 Nb6 6. d3 Nc6 7. Be3 Be7 8. Rc1 O-O 9. Bxc6 bxc6 10. Nf3 Bd6 11. Ne4 Nd5 12. O-O Bh3 13. Re1 Nxe3 14. fxe3 Bb4 15. Nxe5 Bxe1 16. Qxe1 Qd5 17. Nxc6 Rfe8 18. Qa5 Qd7 19. Nd4 h6 20. Rxc7 Rac8 21. Rxc8 Rxc8 22. Qd2 Qd5 23. Nf3 Qxa2 24. Ne1 Rb8 25. b4 Qxd2 26. Nxd2 Rxb4 27. Kf2 Be6 28. e4 a5 29. Ke3 a4 30. Nc2 Rb2 31. Na3 Ra2 32. Nb5 a3 33. Nb1 Rxe2+ 34. Kxe2 a2 35. N1c3 a1=Q 0-1

[Event "Riga Open"]
[Site "Riga LAT"]
[Date "1995.??.??"]
[Round "?"]
[White "Miezis, Normunds"]
[Black "Gipslis, Aivars P"]
[Result "1-0"]
[WhiteElo "2435"]
[BlackElo "2480"]
[PlyCount "89"]
[EventDate "1995.??.??"]
[Source "www.chesslib.no"]
[SourceDate "2004.05.04"]

1. c4 e5 2. Nc3 Nf6 3. g3 Bb4 4. Bg2 O-O 5. e4 Bxc3 6. bxc3 d6 7. Ba3 Re8 8. Qb3 Na6 9. Ne2 c6 10. O-O Nc5 11. Qc2 Be6 12. d3 Qa5 13. Bb4 Qa6 14. Bxc5 dxc5 15. a4 Qa5 16. h3 Nd7 17. f4 f6 18. f5 Bf7 19. g4 Qc7 20. h4 b6 21. Ng3 a6 22. g5 b5 23. Qe2 bxc4 24. dxc4 Kh8 25. a5 Rab8 26. Rfd1 Red8 27. Bf1 Nf8 28. Rxd8 Qxd8 29. Qe3 Qe7 30. Nh1 Nd7 31. Qd2 Kg8 32. Rd1 Rb7 33. Be2 Kf8 34. Nf2 Ke8 35. Ng4 Kf8 36. Kf2 Be8 37. Rg1 Rb3 38. Rg3 Ra3 39. Rd3 Rxa5 40. Rd6 Ra2 41. Qd3 Qf7 42. Kg3 fxg5 43. hxg5 Qh5 44. Rxd7 Bxd7 45. Qd6+ 1-0